000 00506nam a2200181 a 4500
005 20260421120344.0
008 260416s2026##################000#0#eng##
020 _a9780763758769
082 0 4 _a362.18 HEL
100 _aHelbock, Mike.
245 1 0 _aSick/ Not sick:
_bA guide to Rapid patient Assessment.
250 _a2nd Ed.
260 _aUK:
_bWorld Headquarters,
_c2011.
300 _axiii;178 p.
_c27 cm
650 _aSocial problems, Social science
700 _aJohn M. Jerin
942 _cENGLISH
999 _c619584
_d619584